000 00471nam a2200169Ia 4500
008 230718s9999 xx 000 0 und d
041 _aeng
082 _a005.2684
_bRIC
100 _aRichter J.
_9124071
245 _aProgramming Applications For Microsoft Windows
250 _a4th ed.
260 _c1999
_bMicrosoft Press/WP
300 _a1056
_dRef 935 C (16167)
365 _cRs.
_b725.00
700 _aRichter J.
_9124071
906 _dB:726331-Jan-2003
_cCOMP
_b145
999 _c304961
_d304961